Gaming Quiz

Random Gaming or Nintendo Quiz

Nintendo Characters Quiz Stats

 Plays Quiz not verified by Sporcle

Score 0/19 Timer 10:00
0 Plays Today
% Correct
Mario
98.2%
Luigi
87.5%
Peach
83.9%
Link
64.3%
Zelda
57.1%
Yoshi
55.4%
Toad
50%
Kirby
33.9%
Sonic
25%
1.8%
% Correct
1.8%
1.8%
1.8%
Pauline
1.8%
1.8%
1.8%
1.8%
King of Red Lions
1.8%
Nintendog Pug
0%

You're not logged in!

Compare scores with friends on all Sporcle quizzes.
OR
Log In

Sporcle TV

Today on Sporcle TV


Watch our educational content, quiz creation guides, and fun videos on Sporcle TV.

Show Comments

Extras

Created Jan 18, 2015ReportNominate
Tags:Nintendo Quiz, character

Top Quizzes Today


Score Distribution

Your Account Isn't Verified!

In order to create a playlist on Sporcle, you need to verify the email address you used during registration. Go to your Sporcle Settings to finish the process.

Report this User

Report this user for behavior that violates our Community Guidelines.

Details: